Michoacan (Record no. 2598)

MARC details
000 -CABECERA
campo de control de longitud fija 00570nam a2200217 a 4500
001 - NÚMERO DE CONTROL
campo de control BRCA_2859
005 - FECHA Y HORA DE LA ÚLTIMA TRANSACCIÓN
campo de control 20190320204014.0
008 - DATOS DE LONGITUD FIJA--INFORMACIÓN GENERAL
campo de control de longitud fija 101208s1875-------a---###---#000-0#spa-u
050 #4 - SIGNATURA TOPOGRÁFICA DE LA BIBLIOTECA DEL CONGRESO
Número de clasificación F1391.M5
Número de documento/Ítem .R85 1875
100 1# - ENTRADA PRINCIPAL--NOMBRE DE PERSONA
Nombre de persona Ruíz, E.
9 (RLIN) 7989
245 10 - MENCIÓN DE TÍTULO
Título Michoacan
Mención de responsabilidad, etc. por E. Ruíz.
260 ## - PUBLICACIÓN, DISTRIBUCIÓN, ETC.
Lugar de publicación, distribución, etc. s. l.
Nombre del editor, distribuidor, etc. s. e.
Fecha de publicación, distribución, etc. 1875
300 ## - DESCRIPCIÓN FÍSICA
Extensión iv, 449 p.
Otras características físicas il., láminas
Dimensiones 23 cm.
500 ## - NOTA GENERAL
Nota general Carece de portada.
500 ## - NOTA GENERAL
Nota general B12
650 14 - PUNTO DE ACCESO ADICIONAL DE MATERIA--TÉRMINO DE MATERIA
Término de materia o nombre geográfico como elemento de entrada Indios de México
9 (RLIN) 7990
651 #4 - PUNTO DE ACCESO ADICIONAL DE MATERIA--NOMBRE GEOGRÁFICO
Nombre geográfico México
Subdivisión general Historia
9 (RLIN) 614
651 #4 - PUNTO DE ACCESO ADICIONAL DE MATERIA--NOMBRE GEOGRÁFICO
Nombre geográfico Michoacan
Subdivisión general Historia
9 (RLIN) 7991
902 ## - CATALOGADOR
Iniciales GFM
942 ## - ELEMENTOS DE PUNTO DE ACCESO ADICIONAL (KOHA)
Fuente del sistema de clasificación o colocación Library of Congress Classification
Tipo de ítem Koha Libros
Holdings
Estado de retiro Estado de pérdida Estado dañado No para préstamo Localización permanente Ubicación/localización actual Fecha de adquisición Número de inventario Total de préstamos Signatura topográfica completa Código de barras Fecha visto por última vez Precio válido a partir de Tipo de ítem Koha
El ejemplar forma parte de la colección y puede ser consultado según las políticas vigentes.       Biblioteca del Museo Franz Mayer (Rogerio Casas-Alatriste) Biblioteca del Museo Franz Mayer (Rogerio Casas-Alatriste) 10/12/2008 B12   F1391.M5 .R85 1875 (B12) 2856 22/03/2019 22/03/2019 Libros